000 01162nam a22002657a 4500
001 BD-DhSAU 7469
003 BD-DhSAU
005 20250727102413.0
008 150422b2006 bg ||||| m||m 00| 0 eng d
040 _aBD-DhSAU
082 _222
_a658.15
_bM65
100 _aMIM, JULIASULTANA
_eRegistration No. # 20-11090
245 _aLivelihood and adoption determinants of drought tolerance rice varieties in northwestern areas of bangladesh /
_bMS thesis
260 _aSher-e- Bangla Agricultural University:
_bDepartment of Management and Finance,
_c2022.
300 _avii, 53p.:
_b30 cm.
500 _aMS thesis of Department of Management and Finance, Faculty of Agri Business, Sher-e-Bangla Agricultural University, Dhaka, Bangladesh
590 _aNamul
650 _aLivelihood and adoption determinants
651 _adrought tolerance rice varieties
654 _anorthwestern areas of bangladesh
700 _aAccio. Prof. Dr. Shah Johir Rayhan
_eSuperviser
700 _aProf. Dr. Md. Sadique Rahman
_eCo-Superviser
856 _uhttp://archive.saulibrary.edu.bd:8080/xmlui/handle/123456789/5036
942 _2ddc
_cTHESIS
999 _c17077
_d17076